00694cam a22002291 4500001001300000003000400013005001700017008004100034010001700075035001900092040001900111050001900130082001200149110005100161245003600212260002300248300001800271490003000289651003800319650003200357810007500389sa 67007347 DLC20260227112415.0790502s1966 ii 000 1 eng  asa 67007347  a(OCoLC)4920918 aDLCcCU-SdDLC00aHC435.2b.N338 a330.9542 aNational Council of Applied Economic Research.10aNCAER research for development. aNew Delhi,c[1966] a83 p.c24 cm.1 aIts Occasional paper,v20 0aIndiaxEconomic conditionsy1947- 0aEconomicsxResearchzIndia.2 aNational Council of Applied Economic Research.tOccasional paper,v20.